[Event "GER-chT U12"]
[Site "Muenchen"]
[Date "2022.12.28"]
[Round "3"]
[White "Cao, Yuanshu"]
[Black "Zielke, Constantin"]
[Result "1-0"]
[WhiteElo "1489"]
[BlackElo "1342"]
[PlyCount "58"]
[EventDate "2022.12.26"]
[EventType "team-swiss"]
[EventRounds "7"]
[EventCountry "GER"]
[SourceTitle "CBM 212 Extra"]
[Source "ChessBase"]
[SourceDate "2023.03.31"]
[SourceVersion "1"]
[SourceVersionDate "2023.03.31"]
[SourceQuality "1"]
[WhiteTeam "Paderborn Akademie"]
[BlackTeam "Leipzig Turm"]
[WhiteTeamCountry "GER"]
[BlackTeamCountry "GER"]

1. d4 d5 2. Nf3 Nf6 3. g3 e6 4. Bg2 Bd6 5. 0-0 0-0 6. c4 dxc4 7. Nbd2 b5 8. Ne5 Nbd7 9. Nxd7 Bxd7 10. Bxa8 Qxa8 11. Re1 e5 12. dxe5 Bxe5 13. Nf3 Bd6 14. Bg5 Ne4 15. Bf4 Bxf4 16. Qxd7 Bd6 17. Qxb5 c3 18. bxc3 Nxc3 19. Qd3 Ne4 20. Rac1 h6 21. Rc4 Nc5 22. Qc3 Ne4 23. Qd4 Nf6 24. e4 Ng4 25. e5 c5 26. Qxg4 Be7 27. e6 fxe6 28. Qxe6+ Rf7 29. Ne5 Qb8 1-0

[Event "GER-chT School WK GS"]
[Site "Playchess.com INT"]
[Date "2020.06.18"]
[Round "6.1"]
[White "Sewerinov, Alexander"]
[Black "Zielke, Constantin"]
[Result "1-0"]
[WhiteElo "1639"]
[BlackElo "1647"]
[PlyCount "103"]
[EventDate "2020.06.11"]
[EventType "team-swiss (blitz)"]
[EventRounds "7"]
[EventCountry "GER"]
[SourceTitle "EXT 2021"]
[Source "ChessBase"]
[SourceDate "2020.10.23"]
[SourceVersion "1"]
[SourceVersionDate "2020.10.23"]
[SourceQuality "1"]
[WhiteTeam "Hannover Wasserk NI"]
[BlackTeam "Auwald Sachs"]
[WhiteTeamCountry "GER"]
[BlackTeamCountry "GER"]

1. e4 e5 2. Nf3 Nc6 3. Bc4 Bc5 4. c3 Nf6 5. d3 0-0 6. 0-0 h6 7. b4 Be7 8. Nbd2 d6 9. h3 Be6 10. Bb3 Bxb3 11. Nxb3 d5 12. exd5 Nxd5 13. Qc2 Qd6 14. Nc5 Qg6 15. a3 a5 16. Bd2 axb4 17. axb4 Rxa1 18. Rxa1 Bxc5 19. bxc5 f5 20. Re1 Nf6 21. Nxe5 Qe8 22. Nxc6 Qxc6 23. d4 Ne4 24. Qb3+ Kh7 25. Qc2 Re8 26. f3 Ng3 27. Rxe8 Qxe8 28. Kh2 Nf1+ 29. Kg1 Ng3 30. Bf4 Ne2+ 31. Kf2 Nxf4 32. Qxf5+ Ng6 33. h4 Kg8 34. h5 Ne7 35. Qe6+ Kf8 36. g4 c6 37. Qd6 Kf7 38. Qf4+ Ke6 39. Qe5+ Kd7 40. Qd6+ Kc8 41. Qe6+ Qd7 42. Qf7 Kc7 43. Qxg7 Kd8 44. Qxh6 Qe8 45. Qd6+ Kc8 46. Qe6+ Kb8 47. Qd6+ Ka7 48. Qe6 Ka6 49. Qa2+ Kb5 50. Qb3+ Ka5 51. Qb4+ Ka6 52. Qb6# 1-0

[Event "GER-chT School WK GS"]
[Site "Playchess.com INT"]
[Date "2020.06.11"]
[Round "3.1"]
[White "Arne, Jonas"]
[Black "Zielke, Constantin"]
[Result "1-0"]
[WhiteElo "1640"]
[BlackElo "1647"]
[PlyCount "91"]
[EventDate "2020.06.11"]
[EventType "team-swiss (blitz)"]
[EventRounds "7"]
[EventCountry "GER"]
[SourceTitle "EXT 2021"]
[Source "ChessBase"]
[SourceDate "2020.10.23"]
[SourceVersion "1"]
[SourceVersionDate "2020.10.23"]
[SourceQuality "1"]
[WhiteTeam "Pestalozzi RP"]
[BlackTeam "Auwald Sachs"]
[WhiteTeamCountry "GER"]
[BlackTeamCountry "GER"]

1. e4 e5 2. d4 d5 3. dxe5 Nc6 4. exd5 Nxe5 5. Nc3 Nf6 6. Nf3 Nxf3+ 7. Qxf3 Bb4 8. Bg5 Qxd5 9. Bxf6 Qe6+ 10. Be2 Qxf6 11. Qxf6 gxf6 12. 0-0 b6 13. Nd5 Be7 14. Nxc7+ Kd7 15. Nxa8 Rg8 16. Rad1+ Bd6 17. Bb5+ Ke7 18. Rfe1+ Be5 19. Nc7 Bb7 20. Nd5+ Kf8 21. f3 Bd6 22. Re8+ Kg7 23. Rxg8+ Kxg8 24. Nxf6+ Kg7 25. Rxd6 a6 26. Bc6 Bxc6 27. Rxc6 h5 28. Nxh5+ Kf8 29. Rxb6 Ke7 30. Rxa6 f6 31. Rxf6 Ke8 32. c4 Ke7 33. c5 Kd7 34. c6+ Kc7 35. Nf4 Kc8 36. Rf7 Kd8 37. c7+ Kc8 38. b4 Kb7 39. b5 Kc8 40. b6 Kb7 41. Rf8 Kxb6 42. c8Q Kb5 43. Rf5+ Kb6 44. Qc5+ Kb7 45. Rf6 Ka8 46. Qe7 1-0